Segredos e mentiras / (Record no. 118)

MARC details
000 -LÍDER
campo de controle de tamanho fixo 01992nam a2200325 4500
001 - NÚMERO DE CONTROLE
campo de controle 118
003 - IDENTIFICADOR DO NÚMERO DE CONTROLE
campo de controle OSt
005 - DATA E HORÁRIO DA ÚLTIMA TRANSAÇÃO
campo de controle 20250528074012.0
008 - CAMPO DE DADOS FIXOS--INFORMAÇÃO GERAL
campo de controle de tamanho fixo 250127b |||||||e |||| 00| 1 eng d
020 ## - ISBN - INTERNATIONAL STANDARD BOOK NUMBER
ISBN - International Standard Book Number 9788580412192
040 ## - FONTE DA CATALOGAÇÃO
Idioma da catalogação por
041 ## - CÓDIGO DE IDIOMA
Código do idioma do original e/ou traduções intermediárias do texto eng
Código do idioma do texto/trilha sonora ou título diferente por
082 ## - CDD - CLASSIFICAÇÃO DECIMAL DE DEWEY
Número de Classificação 813
Número do exemplar C447s
100 ## - ENTRADA PRINCIPAL--NOME PESSOAL
Nome pessoal Chamberlain, Diane
Datas associadas ao nome 1950-
9 (RLIN) 263
240 ## - TÍTULO UNIFORME
Título uniforme The midwife´s confession
245 ## - TÍTULO
Título Segredos e mentiras /
Indicação de responsabilidade, etc. Chamerlain, Diane ; Tradução de Regina Lyra
260 ## - PUBLICAÇÃO, DISTRIBUIÇÃO, ETC.
Local de publicação, distribuição, etc. São Paulo
Nome do editor, distribuidor, etc. Arqueiro
Data da publicação, distribuição, etc. 2014
300 ## - DESCRIÇÃO FÍSICA
Extensão 288 p.
520 ## - NOTA DE RESUMO, ETC.
Resumo, etc. Cara Anna, Já comecei esta carta várias vezes e aqui estou, começando-a novamente, sem fazer a mínima ideia de como lhe dizer. A carta não terminada é a única pista que Tara e Emy têm para entender o que levou sua amiga Noelle ao suicídio. As três eram inseparáveis desde a faculdade e tudo a respeito de Noelle – seu trabalho de parteira, a forma como se dedicava apaixonadamente a diversas causas sociais, seu amor pelos amigos e a família – se encaixava na descrição de uma mulher que amava a própria vida.<br/><br/><br/><br/>Só que havia muitas coisas que Tara e Emy desconheciam. Por exemplo, quem é Anna e por que Noelle nunca a mencionara.<br/><br/><br/>Com a descoberta da carta e do terrível segredo que a motivou, as duas começam a desvendar a verdade sobre essa mulher forte, independente e gentil que entrou em suas vidas trazendo amor e compaixão, mas que também pode ser a responsável por muitas tristezas e ilusões.<br/><br/><br/>Com delicadeza e equilíbrio, Diane Chamberlain constrói uma história sensível sobre amizade e relacionamentos e levanta a pergunta: até que ponto você seria capaz de perdoar alguém que ama?
650 #0 - ASSUNTO--TERMO TÓPICO
Cabeçalho tópico ou nome geográfico Literatura Americana
9 (RLIN) 84
650 #0 - ASSUNTO--TERMO TÓPICO
Cabeçalho tópico ou nome geográfico Saúde Mental
9 (RLIN) 308
650 #0 - ASSUNTO--TERMO TÓPICO
Cabeçalho tópico ou nome geográfico Drama
9 (RLIN) 18
650 #0 - ASSUNTO--TERMO TÓPICO
Cabeçalho tópico ou nome geográfico Grandes Amizades
9 (RLIN) 28
650 #0 - ASSUNTO--TERMO TÓPICO
Cabeçalho tópico ou nome geográfico Polêmica
9 (RLIN) 117
650 #0 - ASSUNTO--TERMO TÓPICO
Cabeçalho tópico ou nome geográfico Experiência de vida
9 (RLIN) 188
655 #0 - TERMO DE ÍNDICE--GÊNERO E FORMA
Gênero/forma/ou termo foco Romance
655 #0 - TERMO DE ÍNDICE--GÊNERO E FORMA
Gênero/forma/ou termo foco Ficção
700 ## - ENTRADA ADICIONADA - NOME PESSOAL
Nome pessoal Regina Lyra
Função do autor por extenso Tradutor
9 (RLIN) 264
942 ## - ELEMENTOS DE ENTRADA ADICIONADOS (KOHA)
Fonte de classificação ou esquema de arquivamento Classificação decimal de Dewey
Ocultar no OPAC Não
Tipo de material Koha Livros
Holdings
Situação do descarte Situação das perdas Fonte de classificação ou esquema de arquivamento Status danificado Não pode ser emprestado Coleção Biblioteca de origem Biblioteca atual Localização na estante Data de aquisição Fonte de aquisição Total de empréstimos Número de chamada completo Código de barras Data de último acesso Data do preço efetivo Tipo de material Koha
    Classificação decimal de Dewey     Ficção Biblioteca Professor Eduardo Afonso de Castro Biblioteca Professor Eduardo Afonso de Castro Literatura Estrangeira 15.03.2022 doação   813 / C447s 2025-16577 27.01.2025 27.01.2025 Livros

Powered by Koha